Guess the name of the blue character - Statistics

General Stats
  • This quiz has been taken 6 times
  • The average score is 11 of 16
Answer Stats
Picture Answer % Correct
Dory
100%
Elsa
100%
Megamind
100%
Stitch
100%
Anna
83%
Bluey
83%
Jack frost
83%
Judy
83%
Tiana
83%
Gumball
67%
Finn
50%
Rio
50%
Alice
33%
Mordecai
33%
Jake sully
17%
Sulley
17%
No matching quizzes found
Score Distribution
Percent of People with Each Score
Percentile by Number Answered
Your Score History
You have not taken this quiz